[Event "Quebec op"]
[Site "Montreal CAN"]
[Date "1997.07.27"]
[Round "3"]
[White "Rashev, Nick"]
[Black "Castaneda, Nelson"]
[Result "1/2-1/2"]
[WhiteElo "2015"]
[BlackElo "2310"]
[PlyCount "108"]
[GameId "2160767911932342"]
[EventDate "1997.07.26"]
[EventType "swiss"]
[EventRounds "9"]
[EventCountry "CAN"]
[SourceTitle "EXT 97"]
[Source "ChessBase"]
[SourceDate "1997.11.17"]
[SourceVersion "1"]
[SourceVersionDate "1997.11.17"]
[SourceQuality "1"]

1. d4 Nf6 2. Nf3 d6 3. g3 g6 4. Bg2 Bg7 5. c4 O-O 6. O-O c5 7. Nc3 Nc6 8. dxc5 dxc5 9. Bf4 Nh5 10. Be3 Nd4 11. Ne1 Bg4 12. h3 Nxe2+ 13. Kh2 Qxd1 14. Nxd1 Be6 15. Bxb7 Bxc4 16. g4 Be5+ 17. Kh1 Neg3+ 18. fxg3 Nxg3+ 19. Kg1 Bxf1 20. Bxa8 Rxa8 21. Bxc5 e6 22. Nf3 Bc7 23. Nf2 Bc4 24. b3 Bd5 25. Nd2 f5 26. Re1 a6 27. Nc4 Rc8 28. Bd4 Bd8 29. Be5 Bh4 30. Rd1 h5 31. Nb6 Rc1 32. Bxg3 Rxd1+ 33. Nxd1 Bxg3 34. Nxd5 exd5 35. gxf5 gxf5 36. Ne3 Kf7 37. Kg2 Be5 38. Nxd5 Ke6 39. Nb6 Bc7 40. Nc4 Kd5 41. Kf3 Kd4 42. Ne3 f4 43. Nf5+ Kc3 44. Ng7 h4 45. Nf5 Bd8 46. Kxf4 Kb2 47. Nd4 Kxa2 48. b4 Bc7+ 49. Ke4 Kb2 50. Ne6 Bd6 51. Nc5 Kc3 52. Nxa6 Bxb4 53. Nc7 Kc4 54. Ne6 Be1 1/2-1/2

[Event "Quebec op"]
[Site "Montreal CAN"]
[Date "1997.07.27"]
[Round "3"]
[White "Reeve, Jeff"]
[Black "Pnevmonidis, Pantelis"]
[Result "1-0"]
[WhiteElo "2180"]
[BlackElo "1991"]
[PlyCount "23"]
[GameId "2160767911932343"]
[EventDate "1997.07.26"]
[EventType "swiss"]
[EventRounds "9"]
[EventCountry "CAN"]
[SourceTitle "EXT 97"]
[Source "ChessBase"]
[SourceDate "1997.11.17"]
[SourceVersion "1"]
[SourceVersionDate "1997.11.17"]
[SourceQuality "1"]

1. e4 c5 2. Nf3 d6 3. d4 cxd4 4. Nxd4 a6 5. Bd3 Qc7 6. O-O Nf6 7. c4 Nc6 8. Nxc6 Qxc6 9. f4 Bd7 10. Kh1 e6 11. f5 Be7 12. Nc3 1-0

[Event "Quebec op"]
[Site "Montreal CAN"]
[Date "1997.07.27"]
[Round "3"]
[White "Roy, Alain"]
[Black "Abreu Cordero, Jose"]
[Result "0-1"]
[WhiteElo "2162"]
[BlackElo "2007"]
[PlyCount "88"]
[GameId "2160767911932344"]
[EventDate "1997.07.26"]
[EventType "swiss"]
[EventRounds "9"]
[EventCountry "CAN"]
[SourceTitle "EXT 97"]
[Source "ChessBase"]
[SourceDate "1997.11.17"]
[SourceVersion "1"]
[SourceVersionDate "1997.11.17"]
[SourceQuality "1"]

1. e4 c6 2. d4 d5 3. exd5 cxd5 4. Nf3 Bg4 5. h3 Bh5 6. Bd3 Nc6 7. c3 e6 8. O-O Bd6 9. Re1 Nge7 10. Nbd2 O-O 11. Nf1 Bg6 12. Ne3 Rc8 13. Ng4 a6 14. Nge5 Nxe5 15. Nxe5 b5 16. a3 Bxe5 17. Rxe5 Nc6 18. Re3 Na5 19. Rg3 Bxd3 20. Qxd3 f6 21. Bh6 Rf7 22. Qe2 Qd7 23. Re1 Re8 24. h4 Nc4 25. h5 e5 26. dxe5 Rxe5 27. Qd1 Nxb2 28. Qc1 Nc4 29. Rxe5 fxe5 30. Bg5 Qd6 31. h6 g6 32. Rd3 Rf5 33. g4 Rf7 34. Qd1 Rd7 35. Rf3 e4 36. Rf6 Qe5 37. Qc1 e3 38. f4 Qe4 39. Rxa6 Qf3 40. Qe1 Nd2 41. Bh4 Qxg4+ 42. Qg3 Qd1+ 43. Kg2 Qf1+ 44. Kh2 Nf3+ 0-1

[Event "Quebec op"]
[Site "Montreal CAN"]
[Date "1997.07.27"]
[Round "3"]
[White "Schleifer, Michael"]
[Black "Ibrahim, Anthony"]
[Result "1/2-1/2"]
[WhiteElo "2327"]
[BlackElo "2063"]
[PlyCount "81"]
[GameId "2160767911932345"]
[EventDate "1997.07.26"]
[EventType "swiss"]
[EventRounds "9"]
[EventCountry "CAN"]
[SourceTitle "EXT 97"]
[Source "ChessBase"]
[SourceDate "1997.11.17"]
[SourceVersion "1"]
[SourceVersionDate "1997.11.17"]
[SourceQuality "1"]

1. d4 Nf6 2. c4 g6 3. Nc3 Bg7 4. e4 d6 5. f3 O-O 6. Be3 e5 7. d5 c6 8. Qd2 cxd5 9. cxd5 Nh5 10. Bd3 Nd7 11. Nge2 f5 12. exf5 gxf5 13. O-O-O Ndf6 14. Kb1 Bd7 15. Qc2 e4 16. fxe4 Ng4 17. Bg1 Ne5 18. Bb5 Rc8 19. Bxd7 Qxd7 20. exf5 Rxf5 21. Nd4 Rf7 22. Ne6 Bh6 23. Qe2 Nf4 24. Nxf4 Bxf4 25. Bd4 Nc4 26. Qe6 Be5 27. Qxd7 Rxd7 28. Ne4 Re7 29. Rhe1 Bxd4 30. Rxd4 b5 31. b3 Nb6 32. Re2 h5 33. Rc2 Rxc2 34. Kxc2 Nxd5 35. Nxd6 Ne3+ 36. Kd3 a6 37. h3 Re5 38. g4 Kg7 39. Nf5+ Kf6 40. a3 hxg4 41. hxg4 1/2-1/2

[Event "Quebec op"]
[Site "Montreal CAN"]
[Date "1997.07.27"]
[Round "3"]
[White "Vera, Reynaldo"]
[Black "Burnett, Ronald"]
[Result "1/2-1/2"]
[WhiteElo "2530"]
[BlackElo "2445"]
[PlyCount "61"]
[GameId "2160767911932346"]
[EventDate "1997.07.26"]
[EventType "swiss"]
[EventRounds "9"]
[EventCountry "CAN"]
[SourceTitle "EXT 97"]
[Source "ChessBase"]
[SourceDate "1997.11.17"]
[SourceVersion "1"]
[SourceVersionDate "1997.11.17"]
[SourceQuality "1"]

1. d4 Nf6 2. c4 e6 3. Nc3 Bb4 4. Qc2 O-O 5. a3 Bxc3+ 6. Qxc3 b6 7. Bg5 h6 8. Bh4 Bb7 9. e3 d6 10. f3 c5 11. dxc5 dxc5 12. Rd1 Qe7 13. Bd3 Nc6 14. Ne2 Rad8 15. O-O g5 16. Bf2 Rd7 17. Rd2 Rfd8 18. Rfd1 Ne8 19. Bc2 Rxd2 20. Rxd2 Rxd2 21. Qxd2 Ne5 22. Qc3 Qf6 23. e4 Nc6 24. h4 Qxc3 25. Nxc3 Nd6 26. b3 Kf8 27. Be3 f6 28. Kf2 Nd4 29. Bd1 e5 30. g3 Kf7 31. hxg5 1/2-1/2

[Event "Quebec op"]
[Site "Montreal CAN"]
[Date "1997.07.27"]
[Round "4"]
[White "McDonough, Jonathan"]
[Black "Clement, Michel"]
[Result "1/2-1/2"]
[WhiteElo "1898"]
[BlackElo "1997"]
[PlyCount "50"]
[GameId "2160767911932347"]
[EventDate "1997.07.26"]
[EventType "swiss"]
[EventRounds "9"]
[EventCountry "CAN"]
[SourceTitle "EXT 97"]
[Source "ChessBase"]
[SourceDate "1997.11.17"]
[SourceVersion "1"]
[SourceVersionDate "1997.11.17"]
[SourceQuality "1"]

1. e4 c5 2. Nf3 d6 3. d4 cxd4 4. Nxd4 Nf6 5. Nc3 Nc6 6. Bg5 Bd7 7. Be2 Qa5 8. Bxf6 gxf6 9. Qd2 Rc8 10. Nb3 Qg5 11. Qxg5 fxg5 12. Nd5 Bg7 13. c3 f5 14. Bb5 Kd8 15. exf5 Bxf5 16. Ne3 Bd7 17. O-O Rf8 18. Rad1 Ne5 19. Be2 g4 20. Nd4 Bh6 21. Bb5 Bxe3 22. fxe3 Kc7 23. Be2 Kb6 24. Rf4 Ng6 25. Rff1 Ne5 1/2-1/2

[Event "Quebec op"]
[Site "Montreal CAN"]
[Date "1997.07.28"]
[Round "4"]
[White "Abreu Cordero, Jose"]
[Black "Goldenberg, Danny"]
[Result "0-1"]
[WhiteElo "2007"]
[BlackElo "2272"]
[PlyCount "136"]
[GameId "2160767911932348"]
[EventDate "1997.07.26"]
[EventType "swiss"]
[EventRounds "9"]
[EventCountry "CAN"]
[SourceTitle "EXT 97"]
[Source "ChessBase"]
[SourceDate "1997.11.17"]
[SourceVersion "1"]
[SourceVersionDate "1997.11.17"]
[SourceQuality "1"]

1. d4 Nf6 2. c4 c5 3. d5 b5 4. cxb5 a6 5. bxa6 g6 6. Nc3 Bxa6 7. e4 Bxf1 8. Kxf1 d6 9. f4 Nbd7 10. Nf3 Nb6 11. Kf2 Bg7 12. Re1 O-O 13. Qc2 Ne8 14. g4 Qd7 15. Kg3 Nc7 16. Be3 Rfb8 17. Rad1 Na4 18. Rb1 Nxc3 19. bxc3 Nb5 20. c4 Na3 21. Rxb8+ Rxb8 22. Qd3 Qa4 23. Re2 Nxc4 24. Bc1 Rb4 25. e5 Nb6 26. h3 Qa8 27. Rd2 Rc4 28. Bb2 Ra4 29. exd6 exd6 30. Bxg7 Kxg7 31. Qb3 Rb4 32. Qc3+ Kg8 33. Qf6 Qf8 34. g5 Nd7 35. Qc3 Qg7 36. Qa3 Nb6 37. Nh2 h5 38. gxh6 Qxh6 39. Rf2 g5 40. fxg5 Qxg5+ 41. Ng4 Nc4 42. Qa8+ Kg7 43. h4 Qxg4+ 44. Kxg4 Nb6+ 45. Kg5 Nxa8 46. h5 f6+ 47. Kf5 Kf7 48. h6 Rh4 49. Rb2 Rh5+ 50. Ke4 Kg6 51. Rb7 Kxh6 52. a4 Kg6 53. a5 Rh4+ 54. Ke3 Rh7 55. a6 Rh3+ 56. Ke2 Ra3 57. a7 Kf5 58. Re7 Nb6 59. Re6 Nc8 60. Re8 Nxa7 61. Kd2 Nb5 62. Re6 Ra4 63. Re1 Rd4+ 64. Kc2 Re4 65. Kb3 Rd4 66. Rf1+ Ke5 67. Re1+ Re4 68. Rh1 f5 0-1

[Event "Quebec op"]
[Site "Montreal CAN"]
[Date "1997.07.28"]
[Round "4"]
[White "Castaneda, Nelson"]
[Black "Luksza, Arkadiusz"]
[Result "1-0"]
[WhiteElo "2382"]
[BlackElo "2106"]
[PlyCount "73"]
[GameId "2160767911932350"]
[EventDate "1997.07.26"]
[EventType "swiss"]
[EventRounds "9"]
[EventCountry "CAN"]
[SourceTitle "EXT 97"]
[Source "ChessBase"]
[SourceDate "1997.11.17"]
[SourceVersion "1"]
[SourceVersionDate "1997.11.17"]
[SourceQuality "1"]

1. e4 Nf6 2. e5 Nd5 3. d4 d6 4. c4 Nb6 5. exd6 cxd6 6. Nc3 g6 7. Be3 Bg7 8. Rc1 Nc6 9. d5 Ne5 10. h3 O-O 11. b3 f5 12. Qd2 Nbd7 13. f4 Nf7 14. Nf3 Nc5 15. Bd3 Bd7 16. O-O a6 17. Rfe1 Re8 18. Bc2 Qa5 19. Bd4 b5 20. cxb5 axb5 21. Bxg7 Kxg7 22. Qd4+ Kg8 23. b4 Qb6 24. Bd1 Na4 25. Nxa4 Qxd4+ 26. Nxd4 bxa4 27. Rc7 Bc8 28. Be2 e5 29. Bb5 Rf8 30. Ne6 Ba6 31. Bxa6 Rxa6 32. b5 Rb6 33. Nxf8 Kxf8 34. Rb1 exf4 35. Ra7 Ne5 36. Rc1 Rb8 37. b6 1-0

[Event "Quebec op"]
[Site "Montreal CAN"]
[Date "1997.07.28"]
[Round "4"]
[White "Cormos, Eugene"]
[Black "Leveille, Francois"]
[Result "0-1"]
[WhiteElo "2083"]
[BlackElo "2326"]
[PlyCount "72"]
[GameId "2160767911932352"]
[EventDate "1997.07.26"]
[EventType "swiss"]
[EventRounds "9"]
[EventCountry "CAN"]
[SourceTitle "EXT 97"]
[Source "ChessBase"]
[SourceDate "1997.11.17"]
[SourceVersion "1"]
[SourceVersionDate "1997.11.17"]
[SourceQuality "1"]

1. e4 Nf6 2. e5 Nd5 3. d4 d6 4. Nf3 Bg4 5. Bc4 e6 6. O-O c6 7. Bb3 dxe5 8. dxe5 Nd7 9. c4 Ne7 10. Re1 Ng6 11. h3 Bxf3 12. Qxf3 Bb4 13. Nc3 Qa5 14. Bd2 Ndxe5 15. Qe2 Qd8 16. f4 Bc5+ 17. Kh1 Nd3 18. f5 Nf2+ 19. Kh2 Ne5 20. g3 Qxd2 21. Qxd2 Nf3+ 22. Kg2 Nxd2 23. fxe6 fxe6 24. Rxe6+ Kd7 25. Re2 Nxb3 26. axb3 Rae8 27. b4 Rxe2 28. Nxe2 Re8 29. bxc5 Rxe2 30. Rf1 Rxb2 31. Rxf2 Rxf2+ 32. Kxf2 Ke6 33. Ke3 Ke5 34. Kd3 a5 35. Kc3 Ke4 36. g4 g5 0-1

[Event "Quebec op"]
[Site "Montreal CAN"]
[Date "1997.07.28"]
[Round "4"]
[White "Desjardins, Andre"]
[Black "Delisle, Claude"]
[Result "1-0"]
[WhiteElo "2055"]
[BlackElo "1926"]
[PlyCount "105"]
[GameId "2160767911932353"]
[EventDate "1997.07.26"]
[EventType "swiss"]
[EventRounds "9"]
[EventCountry "CAN"]
[SourceTitle "EXT 97"]
[Source "ChessBase"]
[SourceDate "1997.11.17"]
[SourceVersion "1"]
[SourceVersionDate "1997.11.17"]
[SourceQuality "1"]

1. e4 e6 2. d3 d5 3. Nd2 c5 4. Ngf3 Nc6 5. g3 Nf6 6. Bg2 Be7 7. O-O O-O 8. Re1 b5 9. e5 Nd7 10. Nf1 a5 11. h4 Nb6 12. N1h2 b4 13. Bf4 a4 14. Ng5 Qe8 15. Ng4 h6 16. Nf3 a3 17. b3 Ra7 18. Qd2 f5 19. exf6 Bxf6 20. Nxf6+ Rxf6 21. Ne5 Nxe5 22. Bxe5 Rff7 23. f4 d4 24. Be4 Qd8 25. Re2 Rae7 26. Rae1 Nd5 27. Rh2 Nc3 28. Ra1 Bb7 29. Bg6 Rf8 30. g4 Bf3 31. Bh5 Qd5 32. Rh3 g6 33. Bxg6 Bxg4 34. Rg3 Ne2+ 35. Qxe2 Bxe2 36. Be4+ Kf7 37. Bxd5 exd5 38. Bd6 Rfe8 39. Bxe7 Rxe7 40. Re1 Bh5 41. Kf2 Rxe1 42. Kxe1 Kf8 43. Rg2 Kf7 44. Kd2 Kf8 45. Rg1 Kf7 46. Rg3 Kf8 47. Rg2 Kf7 48. Rg1 Bg6 49. Re1 Kf6 50. Re5 Bf7 51. Ke2 Be6 52. Kf3 Bf7 53. Kg4 1-0

[Event "Quebec op"]
[Site "Montreal CAN"]
[Date "1997.07.28"]
[Round "4"]
[White "Drolet, Stephane"]
[Black "Gagnon, Michel"]
[Result "0-1"]
[WhiteElo "1903"]
[BlackElo "2059"]
[PlyCount "68"]
[GameId "2160767911932354"]
[EventDate "1997.07.26"]
[EventType "swiss"]
[EventRounds "9"]
[EventCountry "CAN"]
[SourceTitle "EXT 97"]
[Source "ChessBase"]
[SourceDate "1997.11.17"]
[SourceVersion "1"]
[SourceVersionDate "1997.11.17"]
[SourceQuality "1"]

1. d4 Nf6 2. Bg5 c5 3. Bxf6 gxf6 4. d5 Qb6 5. Qc1 f5 6. c3 Bg7 7. g3 O-O 8. Nh3 d6 9. Nf4 Bh6 10. Nd2 e5 11. dxe6 fxe6 12. Bg2 Nc6 13. e3 Ne5 14. Qc2 Bxf4 15. gxf4 Qxb2 16. Qxb2 Nd3+ 17. Ke2 Nxb2 18. Rhb1 Na4 19. Rb3 d5 20. c4 Rd8 21. Ra3 Bd7 22. cxd5 Bb5+ 23. Ke1 exd5 24. Rb1 a6 25. Bh3 Rf8 26. Nf3 d4 27. Nh4 Nc3 28. Rc1 Bd3 29. Kd2 c4 30. Rg1+ Kh8 31. Ra5 b5 32. f3 Nb1+ 33. Kc1 dxe3 34. a4 Nc3 0-1

[Event "Quebec op"]
[Site "Montreal CAN"]
[Date "1997.07.28"]
[Round "4"]
[White "Fillion, Steve"]
[Black "Courval, Francois"]
[Result "0-1"]
[WhiteElo "2127"]
[BlackElo "1960"]
[PlyCount "70"]
[GameId "2160767911932356"]
[EventDate "1997.07.26"]
[EventType "swiss"]
[EventRounds "9"]
[EventCountry "CAN"]
[SourceTitle "EXT 97"]
[Source "ChessBase"]
[SourceDate "1997.11.17"]
[SourceVersion "1"]
[SourceVersionDate "1997.11.17"]
[SourceQuality "1"]

1. e4 c5 2. Nc3 e6 3. g3 d5 4. d3 Nf6 5. Bg2 dxe4 6. Nxe4 Nxe4 7. Bxe4 Nd7 8. Bg2 Nf6 9. Nf3 Bd6 10. O-O O-O 11. Qe2 Qc7 12. Re1 Bd7 13. Ne5 Rac8 14. Nc4 Bc6 15. Nxd6 Qxd6 16. Bf4 Qe7 17. Be5 Rfd8 18. b3 Bxg2 19. Kxg2 Rd5 20. f4 Qd8 21. Qf3 b5 22. a4 c4 23. bxc4 bxc4 24. d4 Nd7 25. Qg4 Nxe5 26. dxe5 Rd2+ 27. Re2 Qd4 28. Ra3 Qe4+ 29. Kf2 Qxc2 30. Rxd2 Qxd2+ 31. Qe2 Qb4 32. Ra2 c3 33. Kg2 Qb3 34. Qc2 Qxa2 35. Qxa2 c2 0-1

[Event "Quebec op"]
[Site "Montreal CAN"]
[Date "1997.07.28"]
[Round "4"]
[White "Fontaine, Jacques"]
[Black "Jodoin, Pierre"]
[Result "1-0"]
[WhiteElo "2024"]
[BlackElo "1853"]
[PlyCount "25"]
[GameId "2160767911932357"]
[EventDate "1997.07.26"]
[EventType "swiss"]
[EventRounds "9"]
[EventCountry "CAN"]
[SourceTitle "EXT 97"]
[Source "ChessBase"]
[SourceDate "1997.11.17"]
[SourceVersion "1"]
[SourceVersionDate "1997.11.17"]
[SourceQuality "1"]

1. e4 c5 2. Nf3 d6 3. d4 cxd4 4. Nxd4 Nf6 5. Nc3 g6 6. Bg5 Bg7 7. Be2 Nc6 8. O-O O-O 9. Kh1 Nxe4 10. Nxc6 Nxc3 11. Nxe7+ Kh8 12. bxc3 f6 13. Nxc8 1-0

[Event "Quebec op"]
[Site "Montreal CAN"]
[Date "1997.07.28"]
[Round "4"]
[White "Girard, Robin"]
[Black "Rashev, Nick"]
[Result "1-0"]
[WhiteElo "2241"]
[BlackElo "2015"]
[PlyCount "77"]
[GameId "2160767911932358"]
[EventDate "1997.07.26"]
[EventType "swiss"]
[EventRounds "9"]
[EventCountry "CAN"]
[SourceTitle "EXT 97"]
[Source "ChessBase"]
[SourceDate "1997.11.17"]
[SourceVersion "1"]
[SourceVersionDate "1997.11.17"]
[SourceQuality "1"]

1. c4 c5 2. Nf3 Nc6 3. d4 cxd4 4. Nxd4 g6 5. e4 Bg7 6. Be3 Nf6 7. Nc3 O-O 8. Be2 d6 9. O-O Nd7 10. Qd2 Re8 11. Rfd1 Nde5 12. f3 b6 13. Rac1 Bb7 14. a3 Rc8 15. b3 h5 16. h3 Rc7 17. f4 Nxd4 18. Bxd4 Nc6 19. Bxg7 Kxg7 20. Nd5 Rd7 21. f5 Ne5 22. Rf1 Bxd5 23. exd5 Rh8 24. Qf4 Rh6 25. Rc3 h4 26. Bd1 f6 27. fxg6 Nxg6 28. Qg4 Rc7 29. Bc2 Qh8 30. Re3 Qh7 31. Qf5 Kf8 32. g4 Qg8 33. Kh1 Ne5 34. g5 Rg6 35. Rxe5 dxe5 36. Qxg6 Qxg6 37. Bxg6 Kg7 38. gxf6+ exf6 39. Be4 1-0

[Event "Quebec op"]
[Site "Montreal CAN"]
[Date "1997.07.28"]
[Round "4"]
[White "Gladu, Pierre"]
[Black "Mikanovic, Goran"]
[Result "1/2-1/2"]
[WhiteElo "2099"]
[BlackElo "2336"]
[PlyCount "87"]
[GameId "2160767911932359"]
[EventDate "1997.07.26"]
[EventType "swiss"]
[EventRounds "9"]
[EventCountry "CAN"]
[SourceTitle "EXT 97"]
[Source "ChessBase"]
[SourceDate "1997.11.17"]
[SourceVersion "1"]
[SourceVersionDate "1997.11.17"]
[SourceQuality "1"]

1. e4 c5 2. Nf3 e6 3. d4 cxd4 4. Nxd4 a6 5. Nc3 Qc7 6. Be2 Nf6 7. O-O Nc6 8. Be3 Bb4 9. Nxc6 bxc6 10. Bd3 e5 11. f4 Bd6 12. Qe2 exf4 13. e5 Bxe5 14. Bxf4 d6 15. Bxe5 dxe5 16. Rae1 Be6 17. Qxe5 Qxe5 18. Rxe5 a5 19. Bc4 Nd7 20. Re3 Ke7 21. Rfe1 Nc5 22. Ne4 Bxc4 23. Nxc5+ Kd6 24. Nb7+ Kc7 25. Re7+ Kb6 26. Nd6 Ba6 27. Nxf7 Rhg8 28. a4 Ra7 29. Rxa7 Kxa7 30. Re7+ Kb6 31. Ne5 Rd8 32. Rd7 Re8 33. Nf3 Re2 34. Rd2 Kc5 35. c3 Re4 36. Nd4 Re1+ 37. Kf2 Rh1 38. h3 Rf1+ 39. Kg3 Bc4 40. b3 Bd5 41. Rb2 Rg1 42. h4 g6 43. Kh2 Re1 44. g4 1/2-1/2

[Event "Quebec op"]
[Site "Montreal CAN"]
[Date "1997.07.28"]
[Round "4"]
[White "Gofshtein, Leonid"]
[Black "Reeve, Jeff"]
[Result "1-0"]
[WhiteElo "2545"]
[BlackElo "2180"]
[PlyCount "27"]
[GameId "2160767911932360"]
[EventDate "1997.07.26"]
[EventType "swiss"]
[EventRounds "9"]
[EventCountry "CAN"]
[SourceTitle "EXT 97"]
[Source "ChessBase"]
[SourceDate "1997.11.17"]
[SourceVersion "1"]
[SourceVersionDate "1997.11.17"]
[SourceQuality "1"]

1. e4 c5 2. Nf3 d6 3. d4 cxd4 4. Nxd4 Nf6 5. Nc3 g6 6. Be2 Bg7 7. O-O O-O 8. Bg5 Nc6 9. Nb3 Be6 10. Kh1 a6 11. f4 b5 12. Bf3 Rc8 13. a3 Bxb3 14. cxb3 1-0

[Event "Quebec op"]
[Site "Montreal CAN"]
[Date "1997.07.28"]
[Round "4"]
[White "Hua, Lefong"]
[Black "Leriche, Felix"]
[Result "1/2-1/2"]
[WhiteElo "2211"]
[BlackElo "2005"]
[PlyCount "109"]
[GameId "2160767911932362"]
[EventDate "1997.07.26"]
[EventType "swiss"]
[EventRounds "9"]
[EventCountry "CAN"]
[SourceTitle "EXT 97"]
[Source "ChessBase"]
[SourceDate "1997.11.17"]
[SourceVersion "1"]
[SourceVersionDate "1997.11.17"]
[SourceQuality "1"]

1. d4 d5 2. c4 e6 3. Nc3 c6 4. cxd5 exd5 5. Qc2 Bd6 6. Nf3 f5 7. g3 Nf6 8. Bg2 O-O 9. O-O Qe7 10. Bf4 Bxf4 11. gxf4 Ne4 12. e3 Be6 13. Ne5 Nd7 14. Rab1 Rac8 15. b4 Rf6 16. f3 Nd6 17. Qf2 Nb6 18. Kh1 Nbc4 19. Rg1 a5 20. bxa5 Nxa5 21. Na4 Nac4 22. Bf1 Ra8 23. Nc5 Bc8 24. Bd3 Qc7 25. Qh4 Kh8 26. Rg3 Rh6 27. Qg5 Rxa2 28. h4 Nxe5 29. fxe5 Rg6 30. Qf4 Rxg3 31. Qxg3 Ne8 32. Qg5 b6 33. Nb3 Qd7 34. f4 h6 35. Qg6 Qe6 36. Qh5 Kh7 37. Nc1 Rd2 38. Rxb6 Qe7 39. Bxf5+ Bxf5 40. Qxf5+ g6 41. Qh3 Rd1+ 42. Kg2 Rxc1 43. Rb8 h5 44. f5 Rc2+ 45. Kf3 Qf7 46. e6 Qe7 47. fxg6+ Kxg6 48. Qg3+ Kh7 49. Qg5 Nf6 50. Qf5+ Kh6 51. Qxc2 Qxe6 52. Ke2 Qg4+ 53. Kd2 Qxh4 54. Rb6 Qf2+ 55. Kd3 1/2-1/2

[Event "Quebec op"]
[Site "Montreal CAN"]
[Date "1997.07.28"]
[Round "4"]
[White "Ibrahim, Anthony"]
[Black "Prahov, Valentin"]
[Result "1-0"]
[WhiteElo "2063"]
[BlackElo "2200"]
[PlyCount "91"]
[GameId "2160767911932363"]
[EventDate "1997.07.26"]
[EventType "swiss"]
[EventRounds "9"]
[EventCountry "CAN"]
[SourceTitle "EXT 97"]
[Source "ChessBase"]
[SourceDate "1997.11.17"]
[SourceVersion "1"]
[SourceVersionDate "1997.11.17"]
[SourceQuality "1"]

1. e4 c5 2. Nf3 e6 3. d4 cxd4 4. Nxd4 a6 5. c4 Nf6 6. Nc3 Bb4 7. Bd3 Nc6 8. Nxc6 dxc6 9. O-O e5 10. Qc2 Be6 11. Bg5 h6 12. Bd2 Qe7 13. a3 Bc5 14. Ne2 Rd8 15. b4 Qd7 16. Nc1 Bd4 17. Rb1 O-O 18. Be1 Nh5 19. Bd2 Bg4 20. Rb3 Kh7 21. Kh1 g5 22. Ne2 Bxe2 23. Bxe2 Nf4 24. Bxf4 gxf4 25. b5 Rg8 26. bxa6 bxa6 27. Rfb1 Bxf2 28. Bh5 Qd2 29. Qxd2 Rxd2 30. Bxf7 Rgd8 31. Bh5 Bc5 32. Bf3 Kg6 33. h4 Rc2 34. h5+ Kf6 35. Rb7 Rxc4 36. Rh7 Bf8 37. Rbb7 Kg5 38. Kh2 Kh4 39. Rb1 Rc3 40. Rf1 Rcd3 41. Rf7 a5 42. Rf5 Bg7 43. Rf7 Bf8 44. Rf5 Re8 45. Rh1 Bc5 46. g3+ 1-0

[Event "Quebec op"]
[Site "Montreal CAN"]
[Date "1997.07.28"]
[Round "4"]
[White "Linskiy, Oleg"]
[Black "Vera, Reynaldo"]
[Result "1/2-1/2"]
[WhiteElo "2389"]
[BlackElo "2530"]
[PlyCount "30"]
[GameId "2160767911932365"]
[EventDate "1997.07.26"]
[EventType "swiss"]
[EventRounds "9"]
[EventCountry "CAN"]
[SourceTitle "EXT 97"]
[Source "ChessBase"]
[SourceDate "1997.11.17"]
[SourceVersion "1"]
[SourceVersionDate "1997.11.17"]
[SourceQuality "1"]

1. d4 d5 2. Nf3 c6 3. c4 e6 4. Qc2 Nf6 5. g3 dxc4 6. Qxc4 b5 7. Qc2 Bb7 8. Bg2 Nbd7 9. Ne5 Qb6 10. Be3 c5 11. Nxd7 Nxd7 12. Bxb7 Qxb7 13. O-O cxd4 14. Bxd4 e5 15. Be3 Be7 1/2-1/2

[Event "Quebec op"]
[Site "Montreal CAN"]
[Date "1997.07.28"]
[Round "4"]
[White "Pineault, Denis"]
[Black "Landry, Sylvain"]
[Result "1-0"]
[WhiteElo "2179"]
[BlackElo "1981"]
[PlyCount "83"]
[GameId "2160767911932367"]
[EventDate "1997.07.26"]
[EventType "swiss"]
[EventRounds "9"]
[EventCountry "CAN"]
[SourceTitle "EXT 97"]
[Source "ChessBase"]
[SourceDate "1997.11.17"]
[SourceVersion "1"]
[SourceVersionDate "1997.11.17"]
[SourceQuality "1"]

1. e4 c5 2. Nf3 d6 3. d4 cxd4 4. Nxd4 Nf6 5. Nc3 a6 6. Bc4 e6 7. Bb3 b5 8. O-O Be7 9. f4 O-O 10. f5 b4 11. Na4 e5 12. Ne2 Bb7 13. Ng3 Nbd7 14. Qf3 Bc6 15. Bd2 Qc7 16. c3 a5 17. Rad1 Qb7 18. Bg5 Rac8 19. Rfe1 bxc3 20. Nxc3 a4 21. Bxf6 Nxf6 22. Bd5 Qxb2 23. Rb1 Qxa2 24. Kh1 Kh8 25. Re3 Bxd5 26. Nxd5 Qd2 27. Rd1 Nxd5 28. exd5 Bg5 29. Ra3 Qc2 30. Ne4 Qxd1+ 31. Qxd1 Rc1 32. Qxc1 Bxc1 33. Rxa4 g6 34. f6 h5 35. Nxd6 Be3 36. g3 Rb8 37. Nxf7+ Kg8 38. Nxe5 Rb1+ 39. Kg2 Bg5 40. Ra8+ Kh7 41. f7 Bh6 42. d6 1-0

[Event "Quebec op"]
[Site "Montreal CAN"]
[Date "1997.07.28"]
[Round "4"]
[White "Pnevmonidis, Pantelis"]
[Black "Roy, Alain"]
[Result "1-0"]
[WhiteElo "1991"]
[BlackElo "2162"]
[PlyCount "71"]
[GameId "2160767911932368"]
[EventDate "1997.07.26"]
[EventType "swiss"]
[EventRounds "9"]
[EventCountry "CAN"]
[SourceTitle "EXT 97"]
[Source "ChessBase"]
[SourceDate "1997.11.17"]
[SourceVersion "1"]
[SourceVersionDate "1997.11.17"]
[SourceQuality "1"]

1. e4 d6 2. d4 Nf6 3. Nc3 g6 4. Bg5 Bg7 5. Qd2 c6 6. Nf3 b5 7. a3 a6 8. Bh6 Bxh6 9. Qxh6 Qb6 10. Bd3 Nbd7 11. O-O Qc7 12. e5 dxe5 13. Rfe1 exd4 14. Nxd4 Ng4 15. Qh4 Nde5 16. Qg3 Qd6 17. Nxc6 f6 18. h3 Nxf2 19. Rxe5 Nxh3+ 20. gxh3 fxe5 21. Nxe5 Qd4+ 22. Kh2 Bb7 23. Bxg6+ hxg6 24. Qxg6+ Kd8 25. Rd1 Qxd1 26. Nxd1 Kc7 27. Qe6 Rad8 28. Qxe7+ Kb8 29. Nd7+ Ka8 30. Ne3 Rhe8 31. Qd6 Rg8 32. Nd5 Bxd5 33. Qxd5+ Ka7 34. Qc5+ Kb7 35. Qb6+ Kc8 36. Qc6# 1-0